Mask Singer Saison 2 - Statistiques

Statistiques générales
  • Ce quiz a été pris 66 fois
    61 depuis la dernière actualisation
  • Le résultat moyen est 19 sur 26
Statistiques - réponses
Classement Réponse % Correct
1er (Costume) Manchot
94%
1er (Célébrité) Larusso
91%
2e (Costume) Robot
85%
11e (Costume) Bouche
79%
11e (Célébrité) Frédérique Bel
79%
7e (Costume) Squelette
79%
Star internationale (Costume) Ballerine
76%
2e (Célébrité) Daniel Lévi
76%
7e (Célébrité) Djibril Cissé
76%
12e (Célébrité) Laure Manaudou
76%
12e (Costume) Loup
76%
5e (Costume) Requin
76%
5e (Célébrité) Basile Boli
74%
3e (Costume) Dragon
74%
4e (Célébrité) Karine Ferri
74%
3e (Célébrité) Issa Doumbia
71%
4e (Costume) Araignée
68%
10e (Costume) Perroquets
68%
9e (Costume) Renarde
68%
9e (Célébrité) Valérie Damidot
65%
8e (Costume) Hibou
62%
Star internationale (Célébrité) Itziar Ituño
62%
6e (Costume) Pieuvre
62%
8e (Célébrité) Dave
59%
10e (Célébrité) Igor et Grichka Bogdanoff
59%
6e (Célébrité) Liane Foly
59%
Aucun quiz correspondant
Distribution des résultats
% des personnes avec chaque résultat
Percentile par nombre de réponses
Votre historique - résultats
Vous n’avez pas pris ce quiz depuis la dernière actualisation